| 000 | 00450nam a22001457a 4500 | ||
|---|---|---|---|
| 005 | 20180228125938.0 | ||
| 008 | 170705b xxu||||| |||| 00| 0 eng d | ||
| 040 | _cPK-LaUMT | ||
| 082 |
_aZIAC 241 _bISM-C |
||
| 100 | _aIsma'il Ragi A. Al Faruqi | ||
| 245 |
_aChristian ethics: a historical & systematic analysis of Its dominant ideas/ _cIsma'il Ragi A. Al Faruqi |
||
| 260 |
_aMontreal : _bMcGill university _c1967 |
||
| 300 | _a333 p. | ||
| 942 | _cBK | ||
| 999 |
_c94862 _d94862 |
||